000 00225nam a22000857a 4500
008 170130b xxu||||| |||| 00| 0 eng d
100 _92629
_aGupta.S.K.etal.
245 _aComposite Mathematics-6
260 _aNew Delhi
_bS.Chand
_c2011
999 _c5784
_d5784